University Rankings : Theoretical Basis, Methodology and Impacts on Global Higher Education

Enregistré dans:
Détails bibliographiques
Auteurs principaux: Shin, Jung Cheol (Auteur), Toutkoushian, Robert K. (Auteur), Teichler, Ulrich (Auteur)
Format: Livre
Langue:anglais
Publié: Dordrecht : Springer, 2011
Sujets:
Tags: Ajouter un tag
Pas de tags, Soyez le premier à ajouter un tag!

MARC

LEADER 00000nam a22000003a 4500
001 stu241300
005 20190206105208.0
008 120104s2011----gw------------------eng-d
020 |a 978-94-007-1115-0 
040 |a STU  |b slo 
041 0 |a eng 
044 |a gw 
080 |a 37 
100 1 |a Shin, Jung Cheol  |4 aut 
245 1 |a University Rankings :  |b Theoretical Basis, Methodology and Impacts on Global Higher Education 
260 |a Dordrecht :  |b Springer,  |c 2011 
300 |a 271 s 
650 7 |a vysokoškolské vzdelávanie  |2 stusub 
700 1 |a Toutkoushian, Robert K.  |4 aut 
700 1 |a Teichler, Ulrich  |4 aut 
996 |b 284M080590  |c M*13120-1  |l MMKN  |s A  |a 24  |w stu241300_0001